000 01086nam a22003377a 4500
001 005423
003 DO-SdBPM
005 20250410125720.0
007 ta
008 151029b1992 sp || 00| 0 spa d
020 _a843481157X
040 _aDO-SdBPM
_bspa
_cBPMSU
_erda
_drda
082 4 _a863.6
_bM425c 1992
_222
100 _aMateos, Pilar
_d1942-
_eautora
245 1 0 _aCapitanes de plástico /
_cPilar Mateos; ilustraciones Ángel Esteban
250 _a12a. ed.
264 _aMadrid :
_bEdiciones SM,
_c1992
300 _a145 páginas :
_bilustraciones ;
_g20 cm
336 _ardacontent
_btexto
_2txt
337 _ardamedia
_bsin mediación
_2n
338 _ardacarrier
_bvolumen
_0nc
_2rdacarrier
490 0 _aEl barco de vapor,
_v18
500 _aA partir de 9 años
585 _aPremio Lazarillo 1982, El barco de vapor 1982
_3
590 _aInventariado, 2025/VM
650 7 _aCuentos infantiles españoles
650 7 _aLiteratura infantil española
700 1 _aEsteban, Ángel
_eilustrador
910 _aVMateo V. Control de calidad. BPMSU
942 _2ddc
_cBK
999 _c15032
_d15032